| 000 | 00363nam a2200145Ia 4500 | ||
|---|---|---|---|
| 008 | 210210b0 xxu||||| |||| 00| 0 eng d | ||
| 082 | _a541.37 SINE | ||
| 100 | _aSINGH (J P). | ||
| 245 | _aElectro chemistry. | ||
| 260 |
_aMeerut _bKedar Nath Ram Nath _c0 |
||
| 300 | _aviii,212 | ||
| 650 | _aElectro chemistry | ||
| 690 | _aPhysical Chemistry | ||
| 906 | _aCC00039 | ||
| 999 |
_c109123 _d109123 |
||